| 000 | 00995nam a2200241 a 4500 | ||
|---|---|---|---|
| 005 | 20170112104503.0 | ||
| 008 | 070110s2007 enka 000 0 eng | ||
| 010 | _aB-279616-659 | ||
| 020 |
_a9788130908854 _c150.00 |
||
| 020 |
_a8130908859 _c150.00 |
||
| 035 | _aB-279616-659 | ||
| 037 | _aViva/1071/28.5.08/104/16.5.08/11.7.08/ | ||
| 040 |
_adpl _bEnglish |
||
| 082 | _a371.30281 | ||
| 100 | _aMukhopadhyay, Suvasish | ||
| 245 |
_aHow to study and succeed: _ba book on career management / _cby Suvasish Mukhopadhyay |
||
| 250 | _arev. ed | ||
| 260 |
_aNew Delhi _bViva Books _c2008 |
||
| 300 |
_axiv, 126p. _c22cm (pbk) |
||
| 942 |
_2ddc _cEN _mMUK _h371.30281 |
||
| 999 |
_c20610 _d20610 |
||